| 000 | 00000nam##2200000za#4500 |
| 001 | 9.615547 |
| 003 | CaOODSP |
| 005 | 20200514165630 |
| 007 | ta |
| 008 | 150406|2000||||xxc||||| f|0| 0 eng|d |
| 020 | |a0-662-30198-6 |
| 040 | |aCaOODSP|beng |
| 043 | |an-cn--- |
| 086 | 1 |aNH18-23/55-2E |
| 110 | 2 |aCanada Mortgage and Housing Corporation. |
| 245 | 10|aSpecial studies on 1996 census data : |bhousing conditions in metropolitan areas |
| 260 | |aOttawa - Ontario : |bCanada Mortgage and Housing Corporation |c2000. |
| 300 | |a6p. : |btables ; |c28 cm. |
| 490 | 1 |aResearch highlight. Socio-economic series|v55-2 |
| 563 | |aPamphlet |
| 590 | |a01-11|b2001-03-16 |
| 690 | 07|aHousehold income|2gcpds |
| 690 | 07|aHousing|2gcpds |
| 775 | 08|tÉtudes spéciales sur les données du recensement de 1996 : |w(CaOODSP)9.625607 |
| 776 | 0#|tSpecial studies on 1996 census data : |w(CaOODSP)9.571725 |
| 830 | #0|aResearch highlight. Socio-economic series ;|v55-2|w(CaOODSP)9.514827 |
| 986 | |aNHA 60975 |